| 000 | 00000nam##2200000za#4500 |
| 001 | 9.605381 |
| 003 | CaOODSP |
| 005 | 20210624212103 |
| 007 | cr ||||||||||| |
| 008 | 150406|1995||||xxc|||||o f|0| 0 fre|d |
| 040 | |aCaOODSP|bfre |
| 043 | |an-cn--- |
| 086 | 1 |aRH63-3/1-1995F-PDF |
| 110 | 1 |aCanada.|bDéveloppement des ressources humaines Canada. |
| 245 | 10|aÉvaluation du programme Travail et services pour les étudiant - Terre-Neuve et Labrador : |h[ressource électronique]|brapport final / |cpréparé à l'intention du Comité d'évaluation des Initiatives statégiques, de Développement des ressources humaines Canada, et du gouvernement de Terre-Neuve et du Labrador. |
| 246 | 14|aProgramme travail et services pour les étudiants (PTSPE) - Terre-Neuve et Labrador |
| 260 | |aOttawa - Ontario : |bDéveloppement des ressources humaines Canada |cAoût 1995. |
| 300 | |a106p.|btableaux |
| 490 | 1 |aÉvaluation des initiatives stratégiques |
| 590 | |a13-06-Supp|b2013-03-19 |
| 775 | 08|tEvaluation of the Student Work and Service Program (SWASP) - Newfoundland and Labrador : |w(CaOODSP)9.576019 |
| 830 | #0|aÉvaluation des initiatives stratégiques.|w(CaOODSP)9.503823 |
| 856 | 40|ahttp://publications.gc.ca|qPDF|s632 Ko|uhttps://publications.gc.ca/collections/collection_2013/rhdcc-hrsdc/RH63-3-1-1995-fra.pdf |